01191nab a2200193 i 4500001000400000003000400004005001700008008003900025040000800064080001700072100013700089245020600226260001000432500002100442520035600463650001100819650003200830773013500862BPPBPK20190618143033.0150609s1986 pl n f |000 0pol cBPK a621.922/.924 aHRYNIEWICZ, Tadeusz.d1971 - 1996.bWyższa Szkoła Inżynierska w Koszalinie - Wydział Mechaniczny, cZakład Technologii Maszyn aWpływ konwekcji i zjawisk przypowierzchniowych na proces elektropolerowania metali =bThe effect of convection and close-to-anode surface phenomena on electropolishing of metals /cTadeusz Hryniewicz. c1986. aDane z autopsji. aArtykuł niniejszy ma na celu przeanalizowanie wpływu warunków hydrodynamicznych, konwekcji i zjawisk przypowierzchniowych na proces elektropolerowania metali w świetle dotychczasowych wyników prac badawczych. Analizując proces elektropolerowania metali, należy stwierdzić, że istotną rolę odgrywają w nim warunki hydrodynamiczne. 0aMetale 0aPolerowanie elektrolityczne iW :tPostępy Technologii Maszyn i Urządzeń = Advances in Technology of the Machines and Equipment. -g1986, nr 1-2, s. 43-54